| 000 | 01271cam a22003015i 4500 | ||
|---|---|---|---|
| 999 |
_c27582 _d27553 |
||
| 001 | 018881108 | ||
| 003 | EG-ScBUE | ||
| 005 | 20190905142231.0 | ||
| 008 | 180521s2017 enk f b 001 0 eng d | ||
| 020 | _a9781138224193 (pbk.) | ||
| 040 |
_aStDuBDS _beng _erda _cStDuBDS _dEG-ScBUE |
||
| 082 | 0 | 4 |
_a401.41 _bDIS _222 |
| 245 | 0 | 0 |
_aDiscourse analytic research : _brepertoires and readings of texts in action / _cedited by Erica Burman, Ian Parker. |
| 264 | 1 |
_aAbingdon ; _aNew York : _bRoutledge / Taylor & Francis, _c2018. |
|
| 300 |
_avi, 179 pages ; _c24 cm. |
||
| 336 |
_atext _btxt _2rdacontent |
||
| 337 |
_aunmediated _bn _2rdamedia |
||
| 338 |
_avolume _bnc _2rdacarrier |
||
| 490 | 0 |
_aRoutledge library editions. _aDiscourse analysis ; _vvolume 1 |
|
| 500 | _aOriginally published : 1993. | ||
| 520 | _aMeets the growing need among undergraduate and postgraduate psychology students for clear illustrations of discourse analytic work and provides an empirically demonstrable critique of traditional psychological approaches. | ||
| 650 | 7 |
_aDiscourse analysis _xPsychological aspects. _2BUEsh |
|
| 653 |
_bHHUUEENN _cSeptember2019 |
||
| 655 | _vReading book | ||
| 700 | 1 |
_aBurman, Erica, _eeditor. |
|
| 700 | 1 |
_aParker, Ian, _d1956- _eeditor. |
|
| 942 |
_2ddc _cNB |
||